| 000 | 00862nas a2200277 4500 | ||
|---|---|---|---|
| 001 | BR0707331 | ||
| 003 | BR-BrBNA | ||
| 005 | 20231205111353.0 | ||
| 007 | ta | ||
| 008 | 230509b bl.|||p| |||| 00| 00por d | ||
| 040 |
_aBR-BrBNA _bpor _cBiblioteca Nacional de Agricultura |
||
| 041 | _a(Pt) | ||
| 072 | _aQ03 | ||
| 100 | 1 | _aBernardy, R. | |
| 100 | 1 | _aTochetto, L.G. | |
| 100 | 1 | _aFonseca, S.H. | |
| 100 | 1 | _aPianta, C. | |
| 245 | 1 | _aIsolamento e classificação de éspecies de Listeria em queijos tipo colonial da região Centro-Serra do estado do Rio Grande do Sul | |
| 650 | _aQUEIJO | ||
| 650 | _aBACTÉRIA | ||
| 650 | _aLISTERIOSE | ||
| 650 | _aRIO GRANDE DO SUL | ||
| 773 | 0 |
_tVeterinária em Foco (Brazil) _xISSN 1679-5237 _g(Jul-Dec 2006), v. 4(1) p. 45-52 _wBR0707331 |
|
| 909 |
_a202311 _bLúcia _c55 _dLúcia Elande |
||
| 942 |
_2AGRIS _n0 _cANA |
||
| 999 |
_c192325 _d192325 |
||